Trafalgar, (Record no. 22426)

MARC details
000 -LEADER
fixed length control field 00525cam a22002051 4500
001 - CONTROL NUMBER
control field f 01000431
003 - CONTROL NUMBER IDENTIFIER
control field DLC
005 - DATE AND TIME OF LATEST TRANSACTION
control field 20260227111238.0
008 - FIXED-LENGTH DATA ELEMENTS--GENERAL INFORMATION
fixed length control field 820909s1869 fr 000 0 fre
010 ## - LIBRARY OF CONGRESS CONTROL NUMBER
LC control number f 01000431
035 ## - SYSTEM CONTROL NUMBER
System control number (OCoLC)8755741
040 ## - CATALOGING SOURCE
Original cataloging agency DLC
Transcribing agency KyLoU
Modifying agency KyLoU
-- DLC
042 ## - AUTHENTICATION CODE
Authentication code premarc
050 00 - LIBRARY OF CONGRESS CALL NUMBER
Classification number PQ2364.M2
Item number T7 1869
100 1# - MAIN ENTRY--PERSONAL NAME
Personal name Méry, Joseph,
Dates associated with a name 1798-1865.
245 10 - TITLE STATEMENT
Title Trafalgar,
Statement of responsibility, etc. par Méry.
250 ## - EDITION STATEMENT
Edition statement Nouv. éd.
260 ## - PUBLICATION, DISTRIBUTION, ETC.
Place of publication, distribution, etc. Paris,
Name of publisher, distributor, etc. M. Lévy frères,
Date of publication, distribution, etc. 1869.
300 ## - PHYSICAL DESCRIPTION
Extent 309 p.
Dimensions 19 cm.

No items available.

Powered by Koha